书目信息 |
| 题名: |
药物知识问答
|
|
| 作者: | 贾丹兵 编著 | |
| 分册: | ||
| 出版信息: | 哈尔滨 黑龙江科学技术出版社 1983 |
|
| 页数: | 215页 | |
| 开本: | 19cm | |
| 丛书名: | ||
| 单 册: | ||
| 中图分类: | R97 , R9 | |
| 科图分类: | ||
| 主题词: | 药物--基本知识 , 药物学 | |
| 电子资源: | ||
| ISBN: | ||
| 000 | 00667nam0 2200265 45 | |
| 001 | 0183001622 | |
| 005 | 20040524085846.5 | |
| 010 | @dCNY0.79 | |
| 091 | @a14217.030 | |
| 100 | @a19950602d1983 em y0chiy0121 ea | |
| 101 | 0 | @achi |
| 102 | @aCN@b230000 | |
| 105 | @ay z 000yy | |
| 106 | @ar | |
| 200 | 10 | @a药物知识问答@Ayao wu zhi shi wen da@f贾丹兵编著 |
| 210 | @a哈尔滨@c黑龙江科学技术出版社@d1983 | |
| 215 | @a215页@d19cm | |
| 606 | @a药物@x基本知识 | |
| 606 | 0 | @a药物学 |
| 690 | @aR97@v3 | |
| 690 | @aR9 | |
| 701 | 0 | @a贾丹兵@Ajia dan bing@4编著 |
| 801 | 0 | @aCN@b上海图书馆@c20040524 |
| 801 | 2 | @aCN@bNLC@c20040524 |
| 905 | @f1@b158576@dR9@e19 | |
| 药物知识问答/贾丹兵编著.-哈尔滨:黑龙江科学技术出版社,1983 |
| 215页;19cm |
| ISBN :CNY0.79 |
| ● |
| 相关链接 |
|
|
|
|
正题名:药物知识问答
索取号:R9/19
 
预约/预借
| 序号 | 登录号 | 条形码 | 馆藏地/架位号 | 状态 | 备注 |
| 1 | 0158576 | 001698041 | 第三借阅区/ [索取号:R9/19] | 在馆 | |
| 2 | 0158577 | 001698050 | 第二样本阅览室/ [索取号:R9/19] | 在馆 |